| 000 | 00646 a2200193 4500 | ||
|---|---|---|---|
| 999 |
_c11406 _d11406 |
||
| 020 | _a9781785365652 (hardback : alk. paper) | ||
| 050 |
_aKD3372 _bKRA 2018 |
||
| 245 | 1 | 0 |
_aPrinciples of environmental law / _cedited by Ludwig Kramer, Emanuela Orlando. |
| 264 | 1 |
_aNorthampton, MA : _bEdward Elgar Pub., Inc., _c2018. |
|
| 300 |
_axxiii, 743 pages _billustrations |
||
| 336 |
_atext _btxt _2rdacontent |
||
| 337 |
_aunmediated _bn _2rdamedia |
||
| 338 |
_avolume _bnc _2rdacarrier |
||
| 500 | _aIncludes index | ||
| 650 | _aEnvironmental law | ||
| 700 |
_aOrlando, Emanuela _eeditor |
||
| 942 |
_2lcc _cBK _h3372 _iKRA _kKD |
||